00529 2200181 4500245004200000020002200042250001100064100002100075700001700096650001700113005001900130260003100149041001400180084001100194300002900205500010400234336000900338 aRoman PicisancEddy D. IskandarhText a978-602-374-635-4 aCet. 2 aEddy D. Iskandar aYadi Mulyadi aNovel Remaja a20230929080600 aBandungbYrama Widyac2017 aIndonesia a808.83 aiv, 260 hlm. :c19.5 cm. aSetiap kali bertemu pandang Semuruh bagai gelombangMenghantam dukanya hatiPerasaan yang tersembunyi atext